Communication, a guide to information sources /

Bibliographic Details
Main Author: Gitter, A. George
Other Authors: Grunin, Robert
Format: Book
Language:English
Published: Detroit : Gale Research Co., [1980]
Series:Psychology information guide series ; v. 3.
Gale information guide library.
Subjects:

MARC

Tag First Indicator Second Indicator Subfields
LEADER 00000cam a22000008i 4500
001 in00000077342
005 20151008052726.0
008 791015s1980 miu b 00110 eng
010 |a  79026529  
020 |a 0810314436 :  |c $22.00 
035 |a (OCoLC)05613866 
035 |9 AAH4636AM 
040 |a DLC  |c DLC  |d TXA  |d UtOrBLW 
049 |a TXAM  |c [1497512] 
050 0 0 |a Z5630  |b .G57 
100 1 |a Gitter, A. George. 
245 1 0 |a Communication, a guide to information sources /  |c A. George Gitter, Robert Grunin. 
263 |a 7912 
264 1 |a Detroit :  |b Gale Research Co.,  |c [1980] 
264 4 |c ©1980 
300 |a x, 157 pages ;  |c 23 cm. 
336 |a text  |b txt  |2 rdacontent 
337 |a unmediated  |b n  |2 rdamedia 
338 |a volume  |b nc  |2 rdacarrier 
490 1 |a Psychology information guide series ;  |v v. 3 
490 1 |a Gale information guide library 
500 |a Includes indexes. 
650 0 |a Communication  |v Bibliography. 
700 1 |a Grunin, Robert. 
830 0 |a Psychology information guide series ;  |v v. 3. 
830 0 |a Gale information guide library. 
999 |a MARS 
999 f f |s d33f4009-b711-34ed-baba-31eea410bda9  |i ac8bd3a7-923b-3fdf-9bcd-74b2f5d92b18  |t 0 
952 f f |p ric  |a Texas A&M University  |b Rellis Campus  |c Joint Library Facility  |d Remote Storage  |t 0  |e Z5630 .G57  |h Library of Congress classification  |i unmediated -- volume  |m A14842732696 
998 f f |a Z5630 .G57  |t 0  |l Remote Storage